|
|
|
|
| LEADER |
00000nab a2200000 a 4500 |
| 001 |
vtls000858709 |
| 003 |
SK-MaSNL |
| 005 |
20260305000547.0 |
| 008 |
041108 2004 xo w 000 0 slo |
| 015 |
|
|
|a SNBRB2004
|2 sllk
|
| 040 |
|
|
|a SLLK
|b slo
|c SLLK
|e AACR2
|
| 041 |
0 |
|
|a slo
|
| 044 |
|
|
|a xo
|c SK
|
| 080 |
|
|
|a 027.53
|2 UDC-MRF-SK2
|
| 080 |
|
|
|a 06.063
|2 UDC-MRF-SK2
|
| 080 |
|
|
|a 82
|2 UDC-MRF-SK2
|
| 080 |
|
|
|a 75
|2 UDC-MRF-SK2
|
| 245 |
0 |
0 |
|a Lampáreň sa nenatáčala
|b na XI. ročníku Záchvevov
|c Text (eo) ; foto (mv)
|
| 600 |
1 |
7 |
|a Herman, Patrik,
|d 1974-
|2 sllk
|9 193045
|
| 610 |
2 |
7 |
|a Ľubovnianska knižnica (Stará Ľubovňa, Slovensko)
|2 sllk
|9 33809
|
| 611 |
2 |
7 |
|a Záchvevy
|n (11. :
|d 2004 :
|c Stará Ľubovňa, Slovensko)
|2 sllk
|9 36697
|
| 650 |
0 |
7 |
|a literárne súťaže
|2 sllk
|9 4275
|
| 650 |
0 |
7 |
|a výtvarné súťaže
|2 sllk
|9 2910
|
| 651 |
|
7 |
|a Stará Ľubovňa (Slovensko)
|2 sllk
|9 19193
|
| 773 |
0 |
|
|t Ľubovnianske noviny
|g Roč. XXX, č. 22 (3. 6.2004), s. [3]
|
| 852 |
|
|
|a SLLK
|b KIS3GCP
|
| 999 |
|
|
|c 3214435
|d 3216365
|